000 00529nmm a2200193Ia 4500
008 251105s9999||||xx |||||||||||||||||und||
020 _a9788490654996
041 _aspa
100 _aTorné, Gonzalo
245 0 _aEl hombre con sudores nocturnos
264 _a[Madrid, España] :
_bAlba Editorial,
_c2018
300 _a195 páginas
490 _aAlba Poesía
650 _aEnglish poetry
700 _aTorné, Gonzalo
700 1 _a Gunn, Thom
856 _uhttps://public.digitaliapublishing.com/a/80237
942 _cCF
999 _c71989
_d71989